00982nam a22002658 450000100060000000300100000600500170001600800410003302000180007402000150009203500140010704000190012108200260014010000290016624501240019526000630031930000360038250400510041865000360046970000280050570000320053394200120056599900170057795201220059437912(BD-RjUL)20211209052704.0930609s1995 njua b 001 0 eng  a9788120314733 a8120314735 a(BD-RjUL) aDLCc(BD-RjUL) 221a621.382bSID 19991 aSimon, Marvin K.911745810aDigital communication techniques :bsignal design and detection /cMarvin K. Simon, Sami M. Hinedi, William C. Lindsey. aNew Delhi :bPrentice Hall of India,cc1995 [1999 reprint] axviii, 888 p. :bill. ;c25 cm. aIncludes bibliographical references and index. 0aDigital communications.91171501 aHinedi, Sami M.91174591 aLindsey, William C.9117460 2ddccBK c37912d37912 00102ddc4071aICEbICEcSeminar Libraryd2015-08-10l0o621.382 SID 1999r2015-08-10 00:00:00tC.1w2021-12-09yBK